[Event "XLI Corsicoscacchi B"]
[Site "Corsico ITA"]
[Date "2009.10.04"]
[Round "4"]
[White "Clerici, Samuele"]
[Black "Lancianese, Giuseppe"]
[Result "1/2-1/2"]
[WhiteElo "1776"]
[BlackElo "1782"]
[PlyCount "83"]
[EventDate "2009.10.02"]

1. e4 c5 2. Nf3 d6 3. d4 cxd4 4. Nxd4 Nf6 5. Nc3 e5 6. Bb5+ Bd7 7. Bxd7+ Nbxd7
8. Nf5 Qb6 9. b3 Rd8 10. O-O Nc5 11. Be3 Qc6 12. f3 d5 13. exd5 Nxd5 14. Nxd5
Rxd5 15. Qe2 g6 16. Nd4 Qc7 17. Nb5 Qd7 18. Nxa7 Ne6 19. Rad1 Bg7 20. Rxd5 Qxd5
21. Qb5+ Qxb5 22. Nxb5 O-O 23. Rd1 Rc8 24. c4 Nf4 25. Bxf4 exf4 26. Rd7 Re8 27.
Kf1 b6 28. Nd6 Re3 29. Nc8 Bc3 30. Rd1 Ba5 31. Na7 g5 32. Nc6 Bc3 33. Nd4 h5
34. Ne2 Ba5 35. Kf2 Bb4 36. Kf1 Kg7 37. Nd4 Re8 38. Nc2 Bc5 39. b4 Be3 40. Nxe3
Rxe3 41. Rd6 Rc3 42. Rxb6 1/2-1/2

[Event "XLI Corsicoscacchi B"]
[Site "Corsico ITA"]
[Date "2009.10.04"]
[Round "4"]
[White "Corti, Filippo"]
[Black "Arena, Piermario"]
[Result "1-0"]
[WhiteElo "1708"]
[BlackElo "1900"]
[PlyCount "91"]
[EventDate "2009.10.02"]

1. Nf3 Nc6 2. d4 d5 3. g3 Bg4 4. Bg2 g6 5. Ne5 Nxe5 6. dxe5 c6 7. Qd4 Be6 8.
O-O Bg7 9. Nd2 Qb6 10. Qxb6 axb6 11. f4 Nh6 12. Nf3 Nf5 13. g4 Nh6 14. h3 Bd7
15. c3 e6 16. a3 f5 17. exf6 Bf8 18. Ne5 Bc5+ 19. Kh1 b5 20. f5 Nf7 21. Nxd7
Kxd7 22. fxg6 hxg6 23. e4 Raf8 24. exd5 cxd5 25. Bf4 Bd6 26. Bxd6 Kxd6 27. a4
bxa4 28. Rxa4 Ng5 29. Kh2 Rf7 30. Rd4 Rhf8 31. h4 Nh7 32. g5 Rc7 33. Ra1 Rfc8
34. Ra3 Rc4 35. Rb3 Rxd4 36. cxd4 Rc7 37. Rc3 Rxc3 38. bxc3 e5 39. dxe5+ Kxe5
40. Kg3 Nf8 41. Kg4 Ne6 42. h5 gxh5+ 43. Kxh5 Nf4+ 44. Kh6 Ke6 45. Bf3 Kf7 46.
Bd1 1-0

[Event "XLI Corsicoscacchi B"]
[Site "Corsico ITA"]
[Date "2009.10.04"]
[Round "4"]
[White "Fiori, Mauro"]
[Black "Reale, Simone"]
[Result "1/2-1/2"]
[WhiteElo "1805"]
[BlackElo "1872"]
[PlyCount "84"]
[EventDate "2009.10.02"]

1. d4 Nf6 2. c4 g6 3. Nc3 d5 4. cxd5 Nxd5 5. e4 Nxc3 6. bxc3 Bg7 7. Be3 c5 8.
Qd2 Qa5 9. Rb1 cxd4 10. cxd4 Qxd2+ 11. Kxd2 O-O 12. Bc4 Rd8 13. Nf3 Nc6 14. d5
e6 15. Ke2 Na5 16. Bb5 exd5 17. exd5 Rxd5 18. Rhc1 Be6 19. Bd2 a6 20. Bd3 Re8
21. Be3 Rxd3 22. Kxd3 Bf5+ 23. Ke2 Bxb1 24. Rxb1 Bh6 25. Nd2 Bxe3 26. fxe3 Rc8
27. Kd3 Kf8 28. Ne4 Ke7 29. Nc3 Kd6 30. Ne4+ Ke7 31. Nc3 Ke6 32. Ne2 Rc7 33.
Nd4+ Kd5 34. e4+ Ke5 35. Nf3+ Kf4 36. Nd2 Rd7+ 37. Ke2 b5 38. Rc1 Nb7 39. Rc6
a5 40. a3 Nd6 41. g3+ Ke5 42. Ke3 Ke6 1/2-1/2

[Event "XLI Corsicoscacchi B"]
[Site "Corsico ITA"]
[Date "2009.10.04"]
[Round "4"]
[White "Ganci, Stefano"]
[Black "Cerioni, Armando"]
[Result "1-0"]
[WhiteElo "1899"]
[BlackElo "1987"]
[PlyCount "103"]
[EventDate "2009.10.02"]

1. b4 e5 2. Bb2 Bxb4 3. Bxe5 Nf6 4. c4 Nc6 5. Bb2 O-O 6. a3 Be7 7. Nf3 Re8 8.
e3 d5 9. cxd5 Nxd5 10. Be2 Bf6 11. Qc2 Nce7 12. Bxf6 Nxf6 13. Nc3 Bf5 14. d3 c5
15. O-O Rc8 16. Qd2 Qc7 17. e4 Bg6 18. Nb5 Qb8 19. e5 Nd7 20. Nd6 Nxe5 21. Nxe8
Rxe8 22. Nxe5 Qxe5 23. Rfe1 Qd6 24. Bf3 b6 25. Be4 Rd8 26. Qe3 Nc6 27. Bxc6
Qxc6 28. Qe7 Ra8 29. Re3 h6 30. a4 Qc8 31. a5 Qa6 32. Qd7 b5 33. Re8+ Rxe8 34.
Qxe8+ Kh7 35. Qe7 Qf6 36. Qxf6 gxf6 37. Rc1 Bxd3 38. Rxc5 Kg6 39. f3 b4 40. Rc7
a6 41. Rd7 Bc2 42. Rb7 b3 43. Kf2 Kf5 44. Ke3 Ke5 45. Kd2 Kd4 46. Rb6 Kc5 47.
Kc3 Bd1 48. Rxa6 Kb5 49. Rxf6 Kxa5 50. Rxf7 Ka4 51. Rf6 Be2 52. Kb2 1-0

[Event "XLI Corsicoscacchi B"]
[Site "Corsico ITA"]
[Date "2009.10.04"]
[Round "4"]
[White "Gonella, Daniele"]
[Black "Brociner, Beniamino"]
[Result "1-0"]
[WhiteElo "1827"]
[BlackElo "1725"]
[PlyCount "77"]
[EventDate "2009.10.02"]

1. e4 c5 2. c3 d5 3. exd5 Qxd5 4. d4 e6 5. Nf3 Nc6 6. Na3 a6 7. Nc4 Qd8 8. Bf4
b5 9. Nce5 Qb6 10. Be2 cxd4 11. Nxc6 Qxc6 12. Nxd4 Qe4 13. Bg3 Bb7 14. f3 Qe3
15. Bf2 Qe5 16. a4 b4 17. a5 Nf6 18. Qa4+ Nd7 19. Rd1 Bc5 20. cxb4 Bxd4 21.
Bxd4 Qc7 22. Bb6 Qc8 23. Be3 Bc6 24. b5 axb5 25. Bxb5 Bxb5 26. Qxb5 Rb8 27. Qd3
Rxb2 28. Qd4 Rxg2 29. a6 Ra2 30. Qxg7 Rf8 31. a7 Qa6 32. Rd2 Ra1+ 33. Qxa1
Qxa1+ 34. Kf2 Qxh1 35. a8=Q+ Ke7 36. Qa3+ Ke8 37. Qd6 Rg8 38. Qxd7+ Kf8 39.
Bh6+ 1-0

[Event "XLI Corsicoscacchi B"]
[Site "Corsico ITA"]
[Date "2009.10.04"]
[Round "4"]
[White "Guzzetti, Luigi Enrico"]
[Black "D'Urbino, Ilan"]
[Result "0-1"]
[WhiteElo "1863"]
[BlackElo "1679"]
[PlyCount "57"]
[EventDate "2009.10.02"]

1. e4 c5 2. Nf3 Nc6 3. d4 cxd4 4. Nxd4 Nf6 5. Nc3 e5 6. Nb3 Bb4 7. Bc4 O-O 8.
Bg5 Qc7 9. Bxf6 Bxc3+ 10. bxc3 gxf6 11. O-O Ne7 12. Bd5 Nxd5 13. exd5 d6 14. f4
Kh8 15. fxe5 fxe5 16. Rf6 Rg8 17. Qf3 Rg7 18. Rf1 Bg4 19. Qe3 Rag8 20. Kh1 b6
21. Qh6 Qxc3 22. R6f2 Rg6 23. Qh4 f5 24. h3 Qe3 25. Rd2 Rh6 26. Qf2 Rxh3+ 27.
Kg1 Qxf2+ 28. Rdxf2 Rc3 29. Nd4 0-1

[Event "XLI Corsicoscacchi B"]
[Site "Corsico ITA"]
[Date "2009.10.04"]
[Round "4"]
[White "Pasquotto, Mirko"]
[Black "Rossini, Luca"]
[Result "1-0"]
[WhiteElo "1933"]
[BlackElo "1745"]
[PlyCount "81"]
[EventDate "2009.10.02"]

1. d4 Nf6 2. c4 e6 3. Nf3 Bb4+ 4. Bd2 Qe7 5. a3 Bxd2+ 6. Qxd2 O-O 7. Nc3 b6 8.
e4 d6 9. Bd3 Bb7 10. O-O Nbd7 11. Rac1 c5 12. d5 exd5 13. exd5 Ne5 14. Nxe5
Qxe5 15. Rfe1 Qh5 16. Re7 Bc8 17. Qf4 Qh6 18. Qxh6 gxh6 19. Nb5 Re8 20. Rce1
Kf8 21. Rxe8+ Nxe8 22. Rxe8+ Kxe8 23. Nc7+ Kd8 24. Nxa8 Bb7 25. Nxb6 axb6 26.
Bxh7 Ke7 27. f4 Bc8 28. Bd3 Kf6 29. Kf2 Bf5 30. Bxf5 Kxf5 31. Kf3 h5 32. h3 Kg6
33. g4 hxg4+ 34. hxg4 f5 35. Kg3 fxg4 36. Kxg4 Kf6 37. f5 Kf7 38. Kg5 Kg7 39.
f6+ Kf7 40. Kf5 Kf8 41. Ke6 1-0

[Event "XLI Corsicoscacchi B"]
[Site "Corsico ITA"]
[Date "2009.10.04"]
[Round "4"]
[White "Priori, Luigi"]
[Black "Bisignano, Riccardo"]
[Result "0-1"]
[WhiteElo "1798"]
[BlackElo "1908"]
[PlyCount "110"]
[EventDate "2009.10.02"]

1. d4 d5 2. c4 e6 3. Nf3 c6 4. Bf4 Nf6 5. e3 Nbd7 6. h3 Bb4+ 7. Nbd2 O-O 8. a3
Ba5 9. Qc2 Re8 10. b4 Bc7 11. Bxc7 Qxc7 12. Bd3 h6 13. Qc3 dxc4 14. Nxc4 Nd5
15. Qb2 b6 16. O-O Bb7 17. Rac1 Rac8 18. Rfe1 N7f6 19. Nce5 Qe7 20. Rc2 Rc7 21.
Rec1 Rec8 22. g3 Nd7 23. e4 N5f6 24. Re1 Nxe5 25. Nxe5 Nh5 26. Kh2 Rd8 27. f4
Qd6 28. Nf3 c5 29. e5 Qd7 30. Be4 Bxe4 31. Rxe4 Qd5 32. Rce2 c4 33. Qc3 g6 34.
g4 Ng7 35. Nh4 a5 36. bxa5 Qxa5 37. Qxa5 bxa5 38. Nf3 Rb8 39. R4e3 Rb3 40. Ne1
Ne8 41. Nc2 Rc6 42. Na1 a4 43. Nxb3 axb3 44. Rc3 Kf8 45. Rb2 Rc7 46. Rbxb3 cxb3
47. Rxb3 Rc4 48. Rd3 Nc7 49. Kg3 Ke7 50. Kf3 Kd7 51. h4 Kc6 52. Ke4 Nd5 53. f5
Nc3+ 54. Kf4 Kd5 55. fxe6 fxe6 0-1

[Event "XLI Corsicoscacchi B"]
[Site "Corsico ITA"]
[Date "2009.10.04"]
[Round "5"]
[White "Arena, Piermario"]
[Black "Carbone, Lorenzo"]
[Result "1/2-1/2"]
[WhiteElo "1900"]
[BlackElo "1812"]
[PlyCount "38"]
[EventDate "2009.10.02"]

1. e4 c5 2. c3 d5 3. exd5 Qxd5 4. d4 cxd4 5. cxd4 Nf6 6. Nf3 Nc6 7. Be2 e6 8.
O-O Be7 9. Nc3 Qd8 10. a3 O-O 11. Bg5 a6 12. Rc1 h6 13. Be3 Nd5 14. Nxd5 exd5
15. Qd2 Bf5 16. b4 Rc8 17. Bd3 Bxd3 18. Qxd3 Bf6 19. Rc2 Ra8 1/2-1/2

[Event "XLI Corsicoscacchi B"]
[Site "Corsico ITA"]
[Date "2009.10.04"]
[Round "5"]
[White "Bernasconi, Roberto"]
[Black "Napoli, Ferdinando"]
[Result "1-0"]
[WhiteElo "1928"]
[BlackElo "1744"]
[PlyCount "53"]
[EventDate "2009.10.02"]

1. e4 c5 2. Nf3 d6 3. d4 cxd4 4. Nxd4 Nf6 5. Nc3 e6 6. Be2 Be7 7. Be3 a6 8. O-O
Qc7 9. f4 Nc6 10. Qe1 Bd7 11. Qg3 b5 12. Bf3 Rc8 13. a3 O-O 14. Nxc6 Bxc6 15.
Rae1 Rfd8 16. f5 exf5 17. exf5 Bxf3 18. Qxf3 d5 19. Rd1 Bc5 20. Bd4 Qb6 21. Qd3
a5 22. Ne2 Re8 23. c3 Ng4 24. Rd2 Re3 25. Qc2 Rxe2 26. Rxe2 Bxd4+ 27. cxd4 1-0

[Event "XLI Corsicoscacchi B"]
[Site "Corsico ITA"]
[Date "2009.10.04"]
[Round "5"]
[White "Bisignano, Riccardo"]
[Black "Clerici, Samuele"]
[Result "1-0"]
[WhiteElo "1908"]
[BlackElo "1776"]
[PlyCount "35"]
[EventDate "2009.10.02"]

1. e4 e5 2. Nf3 Nc6 3. Bc4 Bc5 4. b4 Bxb4 5. c3 Ba5 6. d4 exd4 7. O-O d6 8. Qb3
Qe7 9. cxd4 Nf6 10. d5 Ne5 11. Nxe5 Qxe5 12. Bb2 Qh5 13. Qb5+ c6 14. Qxa5 Ng4
15. h3 Ne5 16. Bxe5 Qxe5 17. Qc3 Qg5 18. f4 1-0

[Event "XLI Corsicoscacchi B"]
[Site "Corsico ITA"]
[Date "2009.10.04"]
[Round "5"]
[White "Brociner, Beniamino"]
[Black "Corti, Filippo"]
[Result "1/2-1/2"]
[WhiteElo "1725"]
[BlackElo "1708"]
[PlyCount "155"]
[EventDate "2009.10.02"]

1. e4 c6 2. d4 d5 3. Nc3 dxe4 4. Nxe4 Bf5 5. Ng3 Bg6 6. Nf3 Nd7 7. Bc4 e6 8.
O-O Ngf6 9. Re1 Nd5 10. Qe2 Bd6 11. Ne4 Bc7 12. Bb3 O-O 13. c4 Nf4 14. Bxf4
Bxf4 15. c5 Qc7 16. h3 Rad8 17. Rad1 Bxe4 18. Qxe4 Nf6 19. Qd3 Nd5 20. Bc2 g6
21. a3 Bh6 22. Qe4 Bg7 23. Ng5 Qf4 24. Qxf4 Nxf4 25. Re4 Nd5 26. Rh4 Bf6 27.
Rg4 h5 28. Rg3 Nf4 29. Kf1 Bxd4 30. Ne4 Be5 31. Nd6 Nd5 32. Nxb7 Bxg3 33. Nxd8
Rxd8 34. Rd3 Be5 35. Ba4 Bxb2 36. Bxc6 Be5 37. Bb7 Bc7 38. c6 Nb6 39. Rb3 Nc4
40. Ke2 Rd2+ 41. Kf3 Ra2 42. Rb4 Rxa3+ 43. Ke2 Nd6 44. f3 Ra5 45. g4 Rb5 46.
Ra4 Nxb7 47. Rxa7 Rb2+ 48. Kd1 Na5 49. Rxc7 Nxc6 50. Rxc6 Rh2 51. Ke1 Rxh3 52.
Kf2 hxg4 53. fxg4 Ra3 54. Rc8+ Kg7 55. Rc6 g5 56. Rc5 Kg6 57. Re5 Kf6 58. Rb5
Ra4 59. Kf3 Rf4+ 60. Kg3 Rd4 61. Rb1 Ke5 62. Rf1 Rf4 63. Re1+ Kf6 64. Re2 e5
65. Ra2 Kg6 66. Ra8 f6 67. Ra6 Rd4 68. Kf3 Kf7 69. Rb6 Ke7 70. Ra6 Rd6 71. Ra7+
Ke6 72. Ra5 Rd3+ 73. Ke4 Rd4+ 74. Kf3 f5 75. Ra6+ Kf7 76. Ra7+ Ke6 77. Ra6+ Kd5
78. Ra5+ 1/2-1/2

[Event "XLI Corsicoscacchi B"]
[Site "Corsico ITA"]
[Date "2009.10.04"]
[Round "5"]
[White "Cerioni, Armando"]
[Black "D'Urbino, Ilan"]
[Result "1-0"]
[WhiteElo "1987"]
[BlackElo "1679"]
[PlyCount "79"]
[EventDate "2009.10.02"]

1. f4 d5 2. Nf3 g6 3. e3 Bg7 4. Be2 c5 5. O-O Nc6 6. a4 Nh6 7. d3 O-O 8. c3 d4
9. e4 e5 10. Qe1 f6 11. Na3 Be6 12. h3 Nf7 13. f5 gxf5 14. exf5 Bb3 15. Nb1 Nd6
16. Nh2 Bf7 17. Ng4 Be8 18. Nd2 Ne7 19. Ne4 Nxe4 20. dxe4 d3 21. Bd1 Qb6 22. c4
Nc6 23. Qg3 Nb4 24. Ne3 Bc6 25. Nd5 Bxd5 26. exd5 Kh8 27. Bd2 Rae8 28. Bxb4
cxb4+ 29. Kh1 e4 30. Qh4 Rg8 31. Bh5 Re7 32. Rae1 e3 33. Qf4 Re5 34. Bf7 Rc8
35. b3 Bf8 36. Qh4 e2 37. Be6 exf1=Q+ 38. Rxf1 Rc7 39. Qxf6+ Rg7 40. Qxf8+ 1-0

[Event "XLI Corsicoscacchi B"]
[Site "Corsico ITA"]
[Date "2009.10.04"]
[Round "5"]
[White "D'Apa, Massimo"]
[Black "Libutti, Michele"]
[Result "1/2-1/2"]
[WhiteElo "1688"]
[BlackElo "1813"]
[PlyCount "26"]
[EventDate "2009.10.02"]

1. e4 c6 2. d4 d5 3. exd5 cxd5 4. c4 Nf6 5. Nc3 e6 6. Nf3 Nc6 7. cxd5 Nxd5 8.
Bb5 Bd7 9. Nxd5 exd5 10. Bxc6 Bxc6 11. O-O Be7 12. Ne5 O-O 13. Qg4 Bf6 1/2-1/2

[Event "XLI Corsicoscacchi B"]
[Site "Corsico ITA"]
[Date "2009.10.04"]
[Round "5"]
[White "Gonella, Daniele"]
[Black "Cardani, Roberto"]
[Result "0-1"]
[WhiteElo "1827"]
[BlackElo "1943"]
[PlyCount "72"]
[EventDate "2009.10.02"]

1. e4 c5 2. c3 Nf6 3. e5 Nd5 4. d4 cxd4 5. cxd4 d6 6. Nf3 Nc6 7. Bc4 Nb6 8. Bb5
dxe5 9. Nxe5 Bd7 10. Nxd7 Qxd7 11. Nc3 e6 12. O-O Be7 13. Qg4 O-O 14. Rd1 Nd5
15. Bh6 Bf6 16. Ne4 Qe7 17. Nxf6+ Qxf6 18. Bg5 Qg6 19. Be2 h6 20. Be3 Qxg4 21.
Bxg4 Ncb4 22. Bf3 Nxe3 23. fxe3 Nc2 24. Rac1 Nxe3 25. Rd3 Nf5 26. Bxb7 Rab8 27.
Rc7 Nd6 28. Bf3 Rxb2 29. Rxa7 Rc8 30. h3 Rc1+ 31. Kh2 Nf5 32. a4 Rbb1 33. g4
Rc2+ 34. Bg2 Nh4 35. Kg3 g5 36. Ra8+ Kg7 0-1

[Event "XLI Corsicoscacchi B"]
[Site "Corsico ITA"]
[Date "2009.10.04"]
[Round "5"]
[White "Lancianese, Giuseppe"]
[Black "Fiori, Mauro"]
[Result "1/2-1/2"]
[WhiteElo "1782"]
[BlackElo "1805"]
[PlyCount "26"]
[EventDate "2009.10.02"]

1. d4 d5 2. Nf3 Nc6 3. Bf4 Nf6 4. h3 e6 5. e3 Ne7 6. Bd3 Ng6 7. Bh2 c5 8. c3
Bd7 9. O-O Rc8 10. Re1 Bc6 11. Nbd2 Qb6 12. Qc2 Be7 13. Ne5 O-O 1/2-1/2

[Event "XLI Corsicoscacchi B"]
[Site "Corsico ITA"]
[Date "2009.10.04"]
[Round "5"]
[White "Nardone, Massimo"]
[Black "Ganci, Stefano"]
[Result "1-0"]
[WhiteElo "1932"]
[BlackElo "1899"]
[PlyCount "115"]
[EventDate "2009.10.02"]

1. d4 Nf6 2. Nf3 c5 3. e3 g6 4. Bd3 b6 5. Nbd2 Bb7 6. O-O Bg7 7. c3 O-O 8. e4
d6 9. Qe2 Nbd7 10. e5 dxe5 11. dxe5 Nd5 12. Nc4 Nc7 13. Ng5 Ne6 14. Nxe6 fxe6
15. f4 Qc7 16. Qg4 Rf5 17. Bxf5 exf5 18. Qg3 Nf8 19. Be3 Ne6 20. Qf2 Bc6 21.
Rad1 Rb8 22. Nd2 Qb7 23. Nf3 Bb5 24. Rfe1 Bc6 25. Rd2 Qc7 26. Red1 Rc8 27. h4
Qb7 28. Ng5 Nxg5 29. hxg5 Qc7 30. Qg3 Ba4 31. b3 Bc6 32. Qh3 Re8 33. Kf2 e6 34.
c4 Bf8 35. Rb2 a5 36. Kg1 Rb8 37. Bf2 Rc8 38. a3 Ra8 39. Be1 Rb8 40. b4 a4 41.
bxc5 Bxc5+ 42. Bf2 Qe7 43. Rd3 Be4 44. Rc3 Rd8 45. Bxc5 Qxc5+ 46. Qe3 Rd1+ 47.
Kf2 Rb1 48. Rxb1 Bxb1 49. Qxc5 bxc5 50. Ke3 Be4 51. g3 Bb1 52. Rc1 Ba2 53. Kd2
Kg7 54. Kc3 Bb3 55. Rh1 h5 56. gxh6+ Kh7 57. Rh2 Bd1 58. Rd2 1-0

[Event "XLI Corsicoscacchi B"]
[Site "Corsico ITA"]
[Date "2009.10.04"]
[Round "5"]
[White "Ragoso, Mario"]
[Black "Guzzetti, Luigi Enrico"]
[Result "0-1"]
[WhiteElo "1770"]
[BlackElo "1863"]
[PlyCount "66"]
[EventDate "2009.10.02"]

1. d4 Nf6 2. c4 g6 3. Nc3 Bg7 4. e4 d6 5. Nf3 O-O 6. Be2 c5 7. d5 Na6 8. O-O
Nc7 9. Bd2 a6 10. Qc1 Re8 11. Bd3 Bg4 12. Be2 b5 13. Bh6 b4 14. Bxg7 Kxg7 15.
e5 bxc3 16. exf6+ exf6 17. Re1 Bxf3 18. Bxf3 Rxe1+ 19. Qxe1 cxb2 20. Rb1 Qe8
21. Qc3 Rb8 22. h3 Qe5 23. Qd2 Ne8 24. Bd1 Qe4 25. Bc2 Qxc4 26. Bb3 Qb4 27. Qd3
a5 28. g4 a4 29. Bc4 a3 30. Kg2 Nc7 31. Kg3 Nb5 32. Bxb5 Rxb5 33. Qc3 Qd4 0-1

[Event "XLI Corsicoscacchi B"]
[Site "Corsico ITA"]
[Date "2009.10.04"]
[Round "5"]
[White "Reale, Simone"]
[Black "Pasquotto, Mirko"]
[Result "0-1"]
[WhiteElo "1872"]
[BlackElo "1933"]
[PlyCount "102"]
[EventDate "2009.10.02"]

1. d4 Nf6 2. c4 g6 3. Nc3 Bg7 4. e4 d6 5. Nf3 O-O 6. Be2 e5 7. O-O Nc6 8. d5
Ne7 9. b4 a5 10. Ba3 axb4 11. Bxb4 Nd7 12. Nd2 f5 13. Nb3 fxe4 14. Nxe4 b6 15.
a4 Nc5 16. Nbxc5 bxc5 17. Bd2 Nf5 18. Rb1 Nd4 19. Nc3 Bf5 20. Ra1 Qd7 21. Ra2
Rfb8 22. Be3 e4 23. Nb5 Nxe2+ 24. Qxe2 Be5 25. Bc1 Re8 26. Bb2 Bg4 27. Qd2 Bf3
28. Bxe5 Rxe5 29. gxf3 exf3 30. Kh1 Qh3 31. Rg1 Re2 32. Qd1 Rxa2 33. Rg3 Qh5
34. Qxf3 Qxf3+ 35. Rxf3 Rf8 36. Rxf8+ Kxf8 37. Nxc7 Rxa4 38. Kg2 Rxc4 39. Kf3
Rc3+ 40. Kf4 Rh3 41. Kg5 Rxh2 42. Kf6 Rxf2+ 43. Ke6 Re2+ 44. Kxd6 c4 45. Kd7 c3
46. Ne6+ Kf7 47. Ng5+ Kf6 48. Nxh7+ Ke5 49. d6 c2 50. Nf8 c1=Q 51. Nxg6+ Kf6
0-1

[Event "XXI Festival A"]
[Site "Lucca ITA"]
[Date "2009.10.03"]
[Round "1"]
[White "Cocuzzi, Edoardo"]
[Black "Tocchioni, Doriano"]
[Result "0-1"]
[WhiteElo "1967"]
[BlackElo "2281"]
[PlyCount "98"]
[EventDate "2009.10.03"]

1. e4 Nc6 2. Nf3 d6 3. d4 Nf6 4. Nc3 d5 5. exd5 Nxd5 6. Nxd5 Qxd5 7. c4 Qe4+ 8.
Qe2 Bf5 9. d5 Nb4 10. Qxe4 Bxe4 11. Nd4 e5 12. dxe6 O-O-O 13. a3 Rxd4 14. axb4
Bxb4+ 15. Ke2 Rxc4 16. exf7 Rf8 17. f3 Bg6 18. Kf2 Rc2+ 19. Kg3 Rxf7 20. Bf4
Bc5 21. Be5 Bf2+ 22. Kh3 Rxf3+ 23. gxf3 Bf5+ 24. Kg2 Bd4+ 25. Kg3 Bxe5+ 26. Kh4
Bf4 27. Rxa7 Rxb2 28. Ra8+ Kd7 29. Rf8 g5+ 30. Kh5 Bg6+ 31. Kh6 Ke7 32. Kg7
Be5+ 33. Kg8 h5 34. Ra8 Bf7+ 35. Kh7 Rxh2 36. Rxh2 Bxh2 37. Rb8 Bd5 38. Kg6 Bf4
39. Kxh5 Bxf3+ 40. Kg6 g4 41. Kf5 Bd6 42. Rg8 g3 43. Bh3 Kf7 44. Rg5 b5 45. Bf1
c6 46. Bh3 b4 47. Bf1 Bd5 48. Kg4 g2 49. Rf5+ Ke7 0-1

[Event "XXI Festival A"]
[Site "Lucca ITA"]
[Date "2009.10.03"]
[Round "1"]
[White "Garofalo, Simone"]
[Black "Collutiis, Duilio"]
[Result "1/2-1/2"]
[WhiteElo "1986"]
[BlackElo "2450"]
[PlyCount "78"]
[EventDate "2009.10.03"]

1. e4 c5 2. Nf3 Nc6 3. d4 cxd4 4. Nxd4 Qc7 5. Nc3 e6 6. Be2 a6 7. O-O Nf6 8.
Kh1 Nxd4 9. Qxd4 Bc5 10. Qd3 b5 11. f4 Bb7 12. Bf3 h5 13. e5 Ng4 14. Bxb7 Qxb7
15. Ne4 Rc8 16. c3 Be7 17. Qf3 Qc6 18. Bd2 Nh6 19. Be3 h4 20. Bg1 Nf5 21. Rfe1
f6 22. Rad1 fxe5 23. fxe5 O-O 24. Qh5 Rf7 25. Qg6 Rcf8 26. Rd3 Nh6 27. h3 Rf5
28. Kh2 Nf7 29. Bd4 Nxe5 30. Bxe5 Rxe5 31. Rf3 Rxf3 32. gxf3 d5 33. Rg1 Kf8 34.
Qxg7+ Ke8 35. Qxe5 dxe4 36. Rd1 exf3 37. Qh5+ Kf8 38. Qh8+ Kf7 39. Qh7+ Kf8
1/2-1/2

[Event "XXI Festival A"]
[Site "Lucca ITA"]
[Date "2009.10.03"]
[Round "1"]
[White "Mola, Pietro"]
[Black "Innocenti, Giovanni"]
[Result "1-0"]
[WhiteElo "2258"]
[BlackElo "1959"]
[PlyCount "39"]
[EventDate "2009.10.03"]

1. Nf3 d5 2. c4 c6 3. g3 Nf6 4. Bg2 Bf5 5. cxd5 cxd5 6. Qb3 Qd7 7. d3 Nc6 8.
Bf4 e6 9. Ne5 Nxe5 10. Bxe5 Rc8 11. O-O Be7 12. Nc3 O-O 13. e4 Bg6 14. exd5
Bxd3 15. dxe6 fxe6 16. Rad1 Rfd8 17. Rfe1 Bc5 18. Bxf6 gxf6 19. Ne4 Kf7 20. Bf1
1-0

[Event "XXI Festival A"]
[Site "Lucca ITA"]
[Date "2009.10.03"]
[Round "1"]
[White "Salvador, Roland"]
[Black "Baldi, Daniele"]
[Result "1-0"]
[WhiteElo "2461"]
[BlackElo "1986"]
[PlyCount "59"]
[EventDate "2009.10.03"]

1. d4 Nf6 2. Nf3 g6 3. Nc3 d5 4. Bf4 Bg7 5. e3 Bg4 6. h3 Bxf3 7. Qxf3 c6 8. Bd3
Na6 9. a3 Nc7 10. g4 Nd7 11. h4 Ne6 12. Bg3 Nb6 13. h5 Qd7 14. a4 Ng5 15. Qe2
Qe6 16. a5 Nd7 17. Bf4 Ne4 18. Nxe4 dxe4 19. Bc4 Qf6 20. h6 Bf8 21. g5 Qf5 22.
a6 b6 23. Qd2 e5 24. dxe5 Nxe5 25. Bxe5 Qxe5 26. O-O-O Qc7 27. Qd4 Rg8 28. Qf6
Bc5 29. Rh4 Qe7 30. Rxe4 1-0

[Event "XXI Festival A"]
[Site "Lucca ITA"]
[Date "2009.10.03"]
[Round "1"]
[White "Vuelban, Virgilio"]
[Black "Onesti, Luca"]
[Result "1-0"]
[WhiteElo "2405"]
[BlackElo "1968"]
[PlyCount "85"]
[EventDate "2009.10.03"]

1. e4 e5 2. Nf3 Nc6 3. Bb5 a6 4. Ba4 Nf6 5. O-O b5 6. Bb3 Be7 7. Re1 O-O 8. Nc3
d6 9. a4 b4 10. Nd5 Na5 11. Ba2 Nxd5 12. Bxd5 c6 13. Ba2 c5 14. Bd5 Rb8 15. c3
Bb7 16. Bxb7 Rxb7 17. d4 Qb8 18. Be3 Nc4 19. Qe2 Nxe3 20. fxe3 a5 21. dxe5 dxe5
22. Red1 bxc3 23. bxc3 Rb2 24. Qc4 Qb3 25. Qxb3 Rxb3 26. Rdc1 Bf6 27. Nd2 Rb7
28. Nc4 Rfb8 29. Nxa5 Rd7 30. Nc4 Bg5 31. a5 g6 32. a6 Ra7 33. Rcb1 Rba8 34.
Rb6 f5 35. Kf2 f4 36. exf4 Bxf4 37. g3 Bh6 38. Ke2 Bg7 39. Nd6 Bh6 40. Nb5 Rd7
41. Ra2 c4 42. a7 Rdd8 43. Nc7 1-0

[Event "XXI Festival A"]
[Site "Lucca ITA"]
[Date "2009.10.04"]
[Round "2"]
[White "Corso, Roberto"]
[Black "Nannelli, Paolo"]
[Result "0-1"]
[WhiteElo "2081"]
[BlackElo "2197"]
[PlyCount "86"]
[EventDate "2009.10.03"]

1. d4 d6 2. c4 e5 3. Nf3 Nd7 4. Nc3 Ngf6 5. Bg5 Be7 6. e4 c6 7. Be2 O-O 8. O-O
Re8 9. d5 c5 10. a3 h6 11. Bh4 Nh7 12. Bg3 g6 13. Nd2 f5 14. f4 exf4 15. Bxf4
g5 16. Bg3 f4 17. Be1 Ne5 18. Nf3 Bf6 19. Nxe5 Bxe5 20. Bh5 Rf8 21. Kh1 Nf6 22.
Qe2 Qe7 23. h3 Bd7 24. Bg6 Kg7 25. Bf5 Bxc3 26. Bxc3 Bxf5 27. Rae1 Bg6 28. Qf3
Rae8 29. e5 dxe5 30. Rxe5 Qxe5 31. Bxe5 Rxe5 32. b4 Re3 33. Qf2 b6 34. bxc5
bxc5 35. Qb2 Kh7 36. Qb7+ Rf7 37. Qc8 Ne4 38. Rc1 Ng3+ 39. Kh2 Re2 40. d6 f3
41. Rg1 f2 42. d7 fxg1=Q+ 43. Kxg1 Be4 0-1

[Event "XXI Festival A"]
[Site "Lucca ITA"]
[Date "2009.10.04"]
[Round "2"]
[White "Frugoli, Francesco"]
[Black "Mola, Pietro"]
[Result "1/2-1/2"]
[WhiteElo "2159"]
[BlackElo "2258"]
[PlyCount "66"]
[EventDate "2009.10.03"]

1. e4 c5 2. c3 d5 3. exd5 Qxd5 4. d4 Nf6 5. Nf3 Nc6 6. Be2 e6 7. O-O cxd4 8.
cxd4 Be7 9. Nc3 Qd6 10. Nb5 Qd8 11. Bf4 Nd5 12. Bg3 O-O 13. Bd3 Ncb4 14. Bb1
Bd7 15. Nc3 Nf6 16. Ne5 Bc6 17. a3 Nbd5 18. Nxc6 bxc6 19. Bd3 Qb6 20. Be5 g6
21. Qd2 Rfd8 22. Be2 Nd7 23. Bg3 Bf6 24. Rad1 Bg7 25. Ne4 a5 26. Rfe1 Ra7 27.
Nd6 N7f6 28. Nc4 Qa6 29. Be5 Nd7 30. Bxg7 Kxg7 31. Qg5 N7f6 32. Rd2 h6 33. Qe5
Qc8 1/2-1/2

[Event "XXI Festival A"]
[Site "Lucca ITA"]
[Date "2009.10.04"]
[Round "2"]
[White "Gazzarri, Alberto"]
[Black "Salvador, Roland"]
[Result "0-1"]
[WhiteElo "2083"]
[BlackElo "2461"]
[PlyCount "136"]
[EventDate "2009.10.03"]

1. e4 c5 2. c3 Nf6 3. e5 Nd5 4. d4 cxd4 5. cxd4 d6 6. Bc4 Nb6 7. Bb5+ Bd7 8. e6
fxe6 9. Bd3 Bc6 10. Qh5+ g6 11. Qh3 Bg7 12. Ne2 Qd7 13. Bh6 Bxg2 14. Qxg2 Bxh6
15. Nbc3 Nc6 16. a4 a6 17. a5 Nd5 18. Ra4 Ncb4 19. Bb1 Rc8 20. Ra3 Nxc3 21.
bxc3 Qc6 22. f3 Nd5 23. Qh3 Qb5 24. Ba2 Bd2+ 25. Kxd2 Qb2+ 26. Ke1 Kf7 27. Bxd5
exd5 28. Nf4 Qc1+ 29. Kf2 Qxf4 30. Re1 Qf6 31. Re3 Rc7 32. Ra1 Qf5 33. Qh4 g5
34. Qh5+ Qg6 35. Qh3 e6 36. Rae1 Re8 37. Qg3 Rd7 38. h4 gxh4 39. Qxh4 Rg8 40.
Qh3 Qf5 41. Qh6 Re7 42. Qh2 Qg6 43. Qh3 h5 44. Rh1 Qc2+ 45. Kf1 Qd1+ 46. Kf2
Qd2+ 47. Re2 Qxc3 48. Qxh5+ Kf8 49. Qh6+ Ke8 50. Qf4 Rf8 51. Qe3 Qxe3+ 52. Rxe3
Rf4 53. Rb3 Rxd4 54. Rh8+ Kf7 55. Rh7+ Kf8 56. Rxe7 Kxe7 57. Rxb7+ Kf6 58. Rb6
Ra4 59. Rxa6 Ke5 60. Ke2 Ra2+ 61. Kd3 Ra3+ 62. Ke2 d4 63. Ra8 d5 64. a6 d3+ 65.
Kd2 Kd4 66. a7 e5 67. Kc1 Ra2 68. Kb1 d2 0-1